000 00777nam a22002657a 4500
001 3874
003 FISKH
005 20250828093010.0
008 240520b cb ||||| |||| 00| 0 eng d
020 _a076714003507
040 _aFISK
_beng
_cFISK
_dFISK
050 _aPZ7.K2518
082 _a459
100 _aKehret Peg
_d1936
245 _aCages /
260 _aNew York :
_bScholastic,
_c2002
300 _a150 pages :
_c20 cm
505 _aM
520 _aAfter losing an acting role and fighting with her alcoholic stepfather, Kit is arrested for shoplifting and ordered to work, as part of her sentence, at an animal shelter.
521 8 _a660
_bLexiles
521 8 _aM
_bRaz-Plus
700 _aPeg Kehret
942 _2ddc
_cBK
_n0
999 _c3874
_d3874